000 00293nam a22001337a 4500
008 170612b xxu||||| |||| 00| 0 eng d
020 _a9780742500655
041 _aeng
080 _a327
100 _a19
101 _aSHP
245 _aPRINCIPLED WORLD POLITICS
_cWAPNER,P
942 _2udc
_cBK
999 _c16829
_d16829